00822nam a22002297a 450000500170000000800410001702000180005804000210007604100080009708200150010510000290012024501420014925000120029126000470030330000100035065000230036065000410038365000160042494200120044099900170045295201230046920210130141949.0210130b ||||| |||| 00| 0 eng d a9780199474660 aIN-DiNCcIN-DiNC deng a934.1bHAZ aHazarika, Manjileauthor aPrehistory and archaeology of Northeast India:bmultidisciplinary investigation in an archaeological terra incognita/cby Manjil Hazarika a1st ed. aNew Delhi:bOxford university press,c2017 a326p. aPrehistoric people aLinguistic groups of Northeast India aAntiquities 2ddccBK c11137d11137 00102ddc40708HISaMAINbMAINcGENd2021-01-30g995.00l0o934.1 HAZp25472r2021-01-30 00:00:00t1w2021-01-30yBK